000 01420nam1a22002411i 4500
001 v19\rc\1308300
005 20260406185527.0
035 _a(NLR Aleph) 004465535
090 _a4538105
_c4538105
100 _a20060512d18981915|||y0rusy50 ca
101 0 _arus
102 _aRU
105 _ay b |||||
200 1 _aОтчет вновь учреждаемой Кассы бывших воспитанниц С.-Петербургского училища ордена св. Екатерины...
210 _aСанкт-Петербург
_d1898-1915
300 _aЗагл. отчетов за 1898/1899, 1900/1901 гг.: "Отчет Кассы..."; за 1901/1902-1914/1915 гг.: "Отчет о деятельности Комитета Кассы..."
517 0 _aОтчет Кассы бывших воспитанниц Санкт-Петербургского училища ордена св. Екатерины...
517 0 _aОтчет о деятельности Комитета Кассы бывших воспитанниц Санкт-Петербургского училища ордена св. Екатерины
710 0 2 _aПетербургское училище ордена св. Екатерины
_bКасса бывших учениц
_3RU\NLR\AUTH\889951170
_9398291
801 0 _aRU
_bNLR
_gpsbo
801 1 _aRU
_bProSoft-M
_2rusmarc
852 _aNLR
_jШифры разные
942 _cBOOK